000 00777nam a2200289 i 4500
001 bg
100 1 _aBREMOND, Janine
245 1 0 _aDictionnaire économique et social /
_cJanine Bremond, Alain Gélédan.
250 _a5 ed.
260 _aParis :
_bHatier,
_c1995.
300 _a419 s. ;
_c19 cm.
490 1 _aCollection J. Bremond
504 _aIndeks.
650 9 _aEkonomia polityczna
650 9 _aEkonomia polityczna
_xterminologia
650 9 _aJęzyk francuski
_xekonomia polityczna
655 _aSłowniki
700 1 _aGÉLÉDAN, Alain
830 _aCollection J. Bremond
020 _a221802591.4
040 _cBPK
041 0 _afr
080 _a33(038)=40
920 _a2-218-02591.4
942 _cKS
008 s pl f |000 0 pol
999 _c6948
_d6948
856 _uhttp://koha.tu.koszalin.pl/cgi-bin/koha/opac-detail.pl?biblionumber=6948
_yKatalog online BPK